| 000 | 01016cam a2200277 a 4500 | ||
|---|---|---|---|
| 001 | 16254800 | ||
| 005 | 20171122092126.0 | ||
| 008 | 100527s2010 utua b s001 0 eng | ||
| 020 | _a9781607810131 (pbk. : alk. paper) | ||
| 020 | _a1607810131 (pbk. : alk. paper) | ||
| 040 | _cPK-LaUMT | ||
| 082 | 0 | 0 |
_aTUR 305.89435073 _222 _bMCC-T |
| 100 | 1 | _aMcCarthy, Justin | |
| 245 | 1 | 4 |
_aThe Turk in America : _bcreation of an enduring prejudice / _cJustin McCarthy |
| 260 |
_aSalt Lake City : _bUniversity of Utah Press, _c2010 |
||
| 300 |
_aix, 499 p. : _bill. ; _c26 cm. |
||
| 490 | 1 | _aUtah series in Turkish and Islamic studies | |
| 650 | 0 |
_aTurks _xPublic opinion. |
|
| 650 | 0 |
_aArmenian massacres, 1915-1923 _xForeign public opinion, American. |
|
| 650 | 0 |
_aPublic opinion _zUnited States. |
|
| 650 | 0 |
_aPrejudices _zUnited States. |
|
| 650 | 0 |
_aStereotypes (Social psychology) _zUnited States. |
|
| 650 | 0 |
_aMissionaries _zTurkey _xHistory. |
|
| 650 | 0 |
_aMissions to Muslims _zTurkey _xHistory. |
|
| 942 | _cTRC | ||
| 999 |
_c100163 _d100163 |
||